000 00530nam a2200193Ia 4500
003 GCL
008 140319s9999 xx 000 0 ara d
040 _aGCL /
_cGCL
082 0 4 _a658.85
_bم ا
100 1 _aمصطفى زهير
245 1 0 _aادارة المشتريات والمخازن /
_cمصطفى زهير
300 _a477 ص
490 _a
650 0 4 _aادارة الاعمال
650 0 4 _aالتسويق
650 0 4 _aادارة المشتريات
650 0 4 _aادارة المخازن
942 _2ddc
_cBK
999 _c45936
_d45936